000 00582nam a2200229 a 4500
001 nice12345678
003 IN_TiNIC
005 20260116011929.0
008 070716s1978 boma grp 000 0 urd
020 _a
_c100
082 0 0 _a297.65
_bQUA
100 _aQuasimi, Mohammad Jamaluddin
245 _aIslahul Masajid
260 _aBombay
_bShethia Audio Vidio Pvt. Ltd.
_c1978
300 _a319p
500 _aincludes index and biblioraphy
650 _aMosque-Institution
700 1 _aQuasimi, Mohammad Jamaluddin
902 _bSRS
942 _cBK
999 _c4946
_d4946